Catálogo público

Fundamentals of bacterial plant pathology / (Record no. 200401)

MARC details
000 -CABECERA
campo de control de longitud fija 00769nam a2200277Ia 4500
001 - NÚMERO DE CONTROL
campo de control Para_1769
003 - IDENTIFICADOR DEL NÚMERO DE CONTROL
campo de control CHAP
008 - DATOS DE LONGITUD FIJA--INFORMACIÓN GENERAL
campo de control de longitud fija 220125sc199 xx 000 0 und d
010 ## - NÚMERO DE CONTROL DE LA BIBLIOTECA DEL CONGRESO
Número de control de LC 200401
040 ## - FUENTE DE LA CATALOGACIÓN
Centro/agencia transcriptor CHAP
082 ## - NÚMERO DE LA CLASIFICACIÓN DECIMAL DEWEY
Número de clasificación PA 589.9 G6
100 ## - ENTRADA PRINCIPAL--NOMBRE DE PERSONA
Nombre de persona Goto, Masao
9 (RLIN) 165265
245 ## - MENCIÓN DE TÍTULO
Título Fundamentals of bacterial plant pathology /
Mención de responsabilidad, etc. by Masao Goto
260 ## - PUBLICACIÓN, DISTRIBUCIÓN, ETC.
Lugar de publicación, distribución, etc. San Diego, California :
Nombre del editor, distribuidor, etc. Academic Press
300 ## - DESCRIPCIÓN FÍSICA
Extensión 342 p.
650 ## - PUNTO DE ACCESO ADICIONAL DE MATERIA--TÉRMINO DE MATERIA
Término de materia o nombre geográfico como elemento de entrada Bacterias fitopatógenas
9 (RLIN) 9326
650 ## - PUNTO DE ACCESO ADICIONAL DE MATERIA--TÉRMINO DE MATERIA
Término de materia o nombre geográfico como elemento de entrada Fitopatología
9 (RLIN) 41161
650 ## - PUNTO DE ACCESO ADICIONAL DE MATERIA--TÉRMINO DE MATERIA
Término de materia o nombre geográfico como elemento de entrada Plantas
Subdivisión general enférmedades por bacteria
9 (RLIN) 165173
901 ## - ELEMENTOS DE DATOS A LOCAL LDA (RLIN)
a PA 589.9 G6
902 ## - ELEMENTOS DE DATOS B LOCAL, LDB (RLIN)
a A
905 ## - ELEMENTOS DE DATOS E LOCAL, LDE (RLIN)
a 000000c1992 a 0000000000 00
910 ## - DATOS DE OPCIÓN DEL USUARIO (OCLC)
Datos de opción del usuario c199
942 ## - ELEMENTOS DE PUNTO DE ACCESO ADICIONAL (KOHA)
Tipo de ítem Koha Parasitologia_
942 ## - ELEMENTOS DE PUNTO DE ACCESO ADICIONAL (KOHA)
Tipo de ítem Koha Parasitologia_
-- 1
Holdings
Estado de retiro Estado de pérdida Fuente del sistema de clasificación o colocación Estado dañado Restricciones de uso No para préstamo Código de colección Localización permanente Ubicación/localización actual Fecha de adquisición Información codificada de la localización en otra ubicación Número de inventario Total de préstamos Renovaciones totales Signatura topográfica completa Código de barras Fecha visto por última vez Fecha del último préstamo Número de copia Precio válido a partir de Tipo de ítem Koha Nota pública
    Dewey Decimal Classification   Préstamo 3 días   General Parasitologia Agricola Parasitologia Agricola 27/10/2005 PARA (PA_5460) (No. UACh 174284) 3 3 PA 589.9 G6 4102000722 17/11/2025 07/11/2025 Ej.2 25/01/2022 Libro 3
    Dewey Decimal Classification   Préstamo interno   General Parasitologia Agricola Parasitologia Agricola 27/10/2005 PARA (PA_7409) (No. UACh 0172846) 1   PA 589.9 G6 4102000721 22/02/2023 22/02/2023 Ej.1 25/01/2022 Libro 3